| 000 | 01158nam a22003135a 4500 | ||
|---|---|---|---|
| 005 | 20150823122534.0 | ||
| 008 | 100222t2005 at|a|||fr||| 00110 eng dd | ||
| 010 | _a 2005284598 | ||
| 020 | _a1844071472 (Earthscan) | ||
| 020 | _a1876907177 (Images) | ||
| 035 | _a(OCoLC)ocm53821756 | ||
| 040 |
_aEG-ScBUE _beng _cEG-ScBUE |
||
| 082 | 0 | 4 |
_a621.31244 _bDES _222 |
| 245 | 0 | 0 |
_aDesigning with solar power : _ba source book for building integrated photovoltaics (BiPV) / _cEditors Deo Prasad & Mark Snow. |
| 260 |
_aMulgrave : _bThe Images Publishing , _cc.2005. |
||
| 300 |
_a252 p. : _bill. (col.) ; _c31 cm. |
||
| 500 | _aIndex : p. 250-251. | ||
| 504 | _aBibliography : p. 239-248. | ||
| 590 | _ayassmeen ashraf | ||
| 650 | 0 |
_aBuilding-integrated photovoltaic systems. _911651 _2BUEsh |
|
| 650 | 0 |
_aArchitecture _xEnvironmental aspects. _911652 _2BUEsh |
|
| 650 | 0 |
_aEÌ?lectrification photovoltaiÌ(que. _911653 _2BUEsh |
|
| 650 | 0 |
_aArchitecture _xAspect de l'environnement. _911654 _2BUEsh |
|
| 651 | _2BUEsh | ||
| 653 |
_bENGARC _cAugust2015 |
||
| 700 | 1 |
_aPrasad, Deo K. _911655 |
|
| 700 | 1 |
_aSnow, Mark. _911656 |
|
| 942 |
_cBB _k621.31244 DES _2ddc |
||
| 999 |
_c8096 _d8096 |
||